<?xml version="1.0" encoding="UTF-8"?>
<collection xmlns="http://www.loc.gov/MARC21/slim">
  <record>
    <leader>00000nam  2200000   4500</leader>
    <controlfield tag="001">INLIS000000000014631</controlfield>
    <controlfield tag="005">20220924060004</controlfield>
    <datafield tag="035" ind1="#" ind2="#">
      <subfield code="a">0010-0922001393</subfield>
    </datafield>
    <controlfield tag="001">INLIS000000000014628</controlfield>
    <controlfield tag="005">20220924054233</controlfield>
    <datafield tag="035" ind1="#" ind2="#">
      <subfield code="a">0010-0922001392</subfield>
    </datafield>
    <datafield tag="035" ind1="#" ind2="#">
      <subfield code="a">0010-0922001391</subfield>
    </datafield>
    <datafield tag="035" ind1="#" ind2="#">
      <subfield code="a">0010-0922001390</subfield>
    </datafield>
    <datafield tag="245" ind1="1" ind2="#">
      <subfield code="a">STRATEGI PERGESERAN ANGGARAN PENDAPATAN DAN BELANJA DAERAH DI SATUAN KERJA PERANGKAT DAERAH DI LINGKUNGAN KABUPATEN KUTAI TIMUR Badan Pengelola Keuangan dan Aset Daerah Kabupaten Kutai Timur /</subfield>
      <subfield code="c">Awang Amir Yusuf, SE.,MM</subfield>
    </datafield>
    <datafield tag="100" ind1="1" ind2="#">
      <subfield code="a">YUSUF, Awang Amir</subfield>
    </datafield>
    <datafield tag="250" ind1="#" ind2="#">
      <subfield code="a">1</subfield>
    </datafield>
    <datafield tag="300" ind1="#" ind2="#">
      <subfield code="a">xi, 40 halaman ; lampiran :</subfield>
      <subfield code="b">ilustrasi ;</subfield>
      <subfield code="c">30 cm</subfield>
    </datafield>
    <datafield tag="260" ind1="#" ind2="#">
      <subfield code="a">Samarinda :</subfield>
      <subfield code="b">Puslatbang KDOD,</subfield>
      <subfield code="c">2021</subfield>
    </datafield>
    <datafield tag="084" ind1="#" ind2="#">
      <subfield code="a">PKA 092 2021</subfield>
    </datafield>
    <datafield tag="650" ind1="#" ind2="4">
      <subfield code="a">Proyek Perubahan</subfield>
    </datafield>
    <datafield tag="650" ind1="#" ind2="4">
      <subfield code="a">Administrator</subfield>
    </datafield>
    <datafield tag="650" ind1="#" ind2="4">
      <subfield code="a">sistem informasi</subfield>
    </datafield>
    <datafield tag="650" ind1="#" ind2="4">
      <subfield code="a">inovasi pemerintah</subfield>
    </datafield>
    <datafield tag="650" ind1="#" ind2="4">
      <subfield code="a">keuangan daerah</subfield>
    </datafield>
    <datafield tag="650" ind1="#" ind2="4">
      <subfield code="a">regulasi hukum</subfield>
    </datafield>
    <datafield tag="650" ind1="#" ind2="4">
      <subfield code="a">regulasi keuangan</subfield>
    </datafield>
    <datafield tag="650" ind1="#" ind2="4">
      <subfield code="a">pengelolaan anggaran</subfield>
    </datafield>
    <datafield tag="500" ind1="#" ind2="#">
      <subfield code="a">Coach : Ika Retna Ningrum&#13;
Penguji : Windra Mariani&#13;
Mentor : Dr. H. Teddy Febrian, SE., M.Si</subfield>
    </datafield>
    <datafield tag="520" ind1="#" ind2="#">
      <subfield code="a">Laporan proyek perubahan ini menjelaskan perlunya regulasi baru Peraturan Bupati terkait pergeseran anggaran yang baru yang digunakan sebagai acuan SKPD dalam pergeseran anggaran baik penambahan / pengurangan DPA-SKPD yang termuat dalam Peratuaran daerah tentang APBD. Inovasi Strategi Pergeseran Anggaran Pendapatan dan Belanja Daerah di Satuan Kerja Perangkat Daerah di Lingkungan Kabupaten Kutai Timur menghasilkan terbitnya Peraturan Bupati Kutai Timur tentang Pedoman Pergeseran Anggaran Pendapat Belanja Daerah sebagai acuan Satuan Kerja Perangkat Daerah dilingkungan Pemerintah Kabupaten Kutai Timur sehingga ke depannya tdak ada kekosongan hukum di daerah dan dapat menerapkan regulasi dari pemerintah pusat sehingga ada kesamaan pemikiran dan pedoman tentang tata cara pergeseran anggaran sesuai dengan proses pengajuan dapat terstruktur sesuai dengan siklus penganggaran</subfield>
    </datafield>
    <controlfield tag="008">220924################|##########|#|##</controlfield>
    <datafield tag="505" ind1="#" ind2="#">
      <subfield code="a">Coach : M. Harry Rahmadi&#13;
Penguji : Dr. Rahmat, MA&#13;
Mentor : Drs. Bambang Cipto Mulyono,M.Si</subfield>
    </datafield>
    <datafield tag="990" ind1="#" ind2="#">
      <subfield code="a">PKA/092/2021</subfield>
    </datafield>
  </record>
</collection>
